[Event "FICGS class B 000111 email"]
[Site "FICGS email"]
[Date "2010.05.19"]
[Round "1"]
[White "Migliorini, Roberto"]
[Black "Morat, Lionel"]
[Result "1-0"]
[WhiteElo "1947"]
[BlackElo "1971"]
[PlyCount "23"]
[EventDate "2010.??.??"]
[EventType "tourn (corr)"]
[EventRounds "1"]
[SourceTitle "Corr 2013"]
[Source "ChessBase"]
[SourceDate "2012.11.12"]
[SourceVersion "1"]
[SourceVersionDate "2012.11.12"]
[SourceQuality "1"]

1. d4 Nf6 2. c4 e6 3. Nc3 Bb4 4. e3 b6 5. Bd3 Bb7 6. Nf3 0-0 7. 0-0 d5 8. Qe2 Nbd7 9. Bd2 Qe7 10. a3 Bd6 11. e4 dxe4 12. Nxe4 1-0

[Event "FICGS class B 000111 email"]
[Site "FICGS email"]
[Date "2010.05.19"]
[Round "1"]
[White "Morat, Lionel"]
[Black "Plante, Marc Eric"]
[Result "0-1"]
[WhiteElo "1971"]
[BlackElo "1836"]
[PlyCount "26"]
[EventDate "2010.??.??"]
[EventType "tourn (corr)"]
[EventRounds "1"]
[SourceTitle "Corr 2013"]
[Source "ChessBase"]
[SourceDate "2012.11.12"]
[SourceVersion "1"]
[SourceVersionDate "2012.11.12"]
[SourceQuality "1"]

1. e4 c5 2. Nf3 d6 3. d4 cxd4 4. Nxd4 Nf6 5. Nc3 a6 6. Be3 Nc6 7. f3 e6 8. Qd2 Be7 9. 0-0-0 0-0 10. g4 Nxd4 11. Qxd4 b5 12. g5 Nd7 13. h4 Bb7 0-1

[Event "FICGS class B 000111 email"]
[Site "FICGS email"]
[Date "2010.05.19"]
[Round "1"]
[White "Vasquez, Fernando Jose Pinto"]
[Black "Morat, Lionel"]
[Result "1-0"]
[WhiteElo "1838"]
[BlackElo "1971"]
[PlyCount "21"]
[EventDate "2010.??.??"]
[EventType "tourn (corr)"]
[EventRounds "1"]
[SourceTitle "Corr 2013"]
[Source "ChessBase"]
[SourceDate "2012.11.12"]
[SourceVersion "1"]
[SourceVersionDate "2012.11.12"]
[SourceQuality "1"]

1. e4 c5 2. d4 cxd4 3. c3 Nf6 4. e5 Nd5 5. Nf3 e6 6. cxd4 d6 7. Bd2 Bd7 8. Bc4 Nb6 9. Be2 dxe5 10. dxe5 Bc6 11. 0-0 1-0